00948nam a2200157 a 450000100100000000500170001000800410002704000250006808200150009311000990010824503220020726000410052930000280057095201750059899900170077300003235520200930065610.0110324s1925 dr a 000 0 spa d aDO-SdBNPbspacBNPHU axxxbR426m1 aRepública DominicanabSecretaría de Estado de Interior y Policia y Marina de Guerra95835110aMemoria que al honorable señor Presidente de la República Generalísimo Doctor Rafael Leónidas Trujillo Molina, presenta al mayor general José García M. M. secretario de Estado de Interior y Policia, Guerra y Marina :bRelativa a las labores realizadas por el departamento a su cargo durante el año 1934. aSanto Domingo :bLa Nación,c1925. a723 p. :bil. ;c24 cm. 001050718RVaPDbPDcCTd2011-07-14iLF1l0oxxx R426mp32355-10r2020-06-25w2020-06-25y1zPerteneció a la biblioteca personal de Julio Ortega Frier.ZNo se presta c31846d31846